| 000 | 01142cam a22003377a 4500 | ||
|---|---|---|---|
| 003 | CHAP | ||
| 005 | 20220329133926.0 | ||
| 008 | 971013s1977 r 00010 d | ||
| 010 | _a12778 | ||
| 011 | _a13750 | ||
| 035 | _a17822 | ||
| 040 | _cCHAP | ||
| 082 |
_a641.1 _bC37 |
||
| 100 | 0 | 0 |
_aCarvalho, Agostinho de. _919699 |
| 245 | 0 | _aAlimentacao e condicoes de saude de familias agricultoras da sub-regiao vitícola de Torres | |
| 260 |
_aOeiras : _bInstituto Gulbenkian de Ciencia. Centro de Estudios de Economía Agraria, _c1977 |
||
| 300 | _a93 p. | ||
| 490 | 0 | _aEstudos | |
| 590 |
_aBATCH-UPD _b10 _c20130110 _lUCH01 _h0237 |
||
| 590 |
_aBATCH-UPD _b10 _c20130110 _lUCH01 _h2121 |
||
| 590 |
_aBATCH-UPD _b10 _c20130409 _lUCH01 _h2303 |
||
| 590 |
_aBATCH-UPD _b10 _c20130914 _lUCH01 _h0826 |
||
| 590 |
_aCONVERSION _b10 _c20130109 _lUCH01 _h1308 |
||
| 650 | 1 | 4 |
_aCampesinado _xPortugal. _918033 |
| 650 | 1 | 4 |
_aNutrición _xPortugal. _982267 |
| 650 | 1 | 4 |
_aPortugal _xCondiciones económicas. _991019 |
| 830 | 0 |
_aEstudos _938572 |
|
| 901 | _aBK | ||
| 942 | _cLIBRO | ||
| 949 |
_a641.1 C37 _bBC _cLIBRO _d33724000139044 _eLIBRO _h42894 _i17822 _mD _si |
||
| 999 |
_c12778 _d12778 |
||